| 000 | 00780nam a22002537a 4500 | ||
|---|---|---|---|
| 003 | UA-OsUOA | ||
| 001 | 36197 | ||
| 007 | ta | ||
| 008 | 20060119b un ||||| |||| 00| 0 ukr d | ||
| 100 | _aПахомов И.Н. | ||
| 700 | _aПогребной О.О. | ||
| 090 |
_a340.12(477)(075.8) _bО-75 |
||
| 942 | _cBK | ||
| 040 |
_aUA-OsUOA _brus _cUA-OsUOA _dUA-OsUOA |
||
| 245 |
_aОсновы государства и права _bУчебник |
||
| 300 | _a352 с. | ||
| 955 | _a2 | ||
| 041 | _arus | ||
| 080 | _a340.12(477)(075.8) | ||
| 020 | _a966-633-236-1 | ||
| 260 |
_aХ. _bООО "Одисей" _c2003 |
||
| 650 | 7 |
_a340 Право в цілому. Пропедевтика. Методи та допоміжні правничі науки _2UDC |
|
| 999 |
_c322422 _d322422 |
||